01427nam a2200301 a 4500001001000000003000900010005001700019007000300036008004100039040002500080082000700105110003200112240003100144245024100175246006900416250001700485260005000502300002900552500008100581500006300662700004600725700003100771942001400802952009900816952009400915952009901009999001701108000043745DO-SdBNP20240402134029.0ta090715s2014 dr 000 0 spa d aDO-SdBNPbspacBNPHU 42221 aRepública Dominicana944710a[Código procesal penal ]10aNuevo código procesal penal de la República Dominicana del 2 de 2002 (mod. por la leyes 278-04 y 176-07 y dec.318-05:) :bLey 76-02 : legislación complementaria modificada y ampliada /cTrajano Vidal Potentini, Salvador Potentini.10aLey 76-02 :blegislación complementaria modificada y ampliada. a4a. ed. rev. aMoca, República Dominicana :bDalis,c2014. a338, 28, 11 p. ;c24 cm. aExposición esquematizada del contenido de las reformas índice de materia a4a ed. revisada con la edición de la Suprema y ampliada.1 aPotentini Adames, Trajano Vidal‏9735771 aPotentini, Salvador967426 2ddccLBS1 00102ddc56708DSaBNPHUbBNPHUcHDd2014-04-22p43745-30r2020-06-25te.3w2020-06-25yLBS1 00102ddc51708PDaBNPHUbBNPHUcHDd2014-04-22p43745-10r2020-06-25w2020-06-25yLBS1 00102ddc51708PDaBNPHUbBNPHUcHDd2014-04-22p43745-20r2020-06-25te.2w2020-06-25yLBS1 c43234d43234